[Event "Titled Tuesday intern op 28th Dec"]
[Site "Chess.com INT"]
[Date "2021.12.28"]
[Round "1"]
[White "Deac, Bogdan Daniel"]
[Black "Vusatiuk, Vladimir"]
[Result "0-1"]
[WhiteElo "2679"]
[BlackElo "2307"]
[PlyCount "136"]
[EventDate "2021.12.28"]
[EventType "swiss (blitz)"]
[EventRounds "11"]
[EventCountry "USA"]
[SourceTitle "CBM 206 Extra"]
[Source "ChessBase"]
[SourceDate "2022.03.31"]
[SourceVersion "1"]
[SourceVersionDate "2022.03.31"]
[SourceQuality "1"]

1. e4 c5 2. Nf3 e6 3. g3 Nc6 4. Bg2 d5 5. exd5 exd5 6. O-O Nf6 7. d4 Be7 8. Nc3 O-O 9. h3 h6 10. Be3 c4 11. b3 cxb3 12. axb3 Bf5 13. Ne2 a5 14. Ne5 Rc8 15. c3 Ne4 16. Nd3 b6 17. Kh2 Bd6 18. c4 Nb4 19. c5 Nxd3 20. cxd6 Nb4 21. g4 Bh7 22. Bf4 Nxd6 23. Ng3 Ne4 24. Rc1 Rxc1 25. Qxc1 Nd3 26. Qe3 Nxf4 27. Qxf4 Nxg3 28. fxg3 Qd7 29. Qe5 Rd8 30. g5 hxg5 31. Qxg5 Be4 32. h4 Bxg2 33. Kxg2 Re8 34. Rf2 b5 35. h5 Qe6 36. h6 Qxh6 37. Qxd5 Qe6 38. Qxb5 Qe4+ 39. Kh2 Re6 40. Qb8+ Kh7 41. Rf4 Rh6+ 42. Rh4 Rxh4+ 43. gxh4 Qxh4+ 44. Kg2 Qg4+ 45. Kh2 Qxd4 46. Qb5 Qf2+ 47. Kh3 Qf3+ 48. Kh2 Qf4+ 49. Kh3 Qe3+ 50. Kg2 Qd2+ 51. Kh3 g6 52. Qb7 Kg7 53. Qb6 Qc3+ 54. Kg2 Qb4 55. Qa7 Qxb3 56. Qxa5 Qe6 57. Qc3+ Qf6 58. Qc7 g5 59. Kh2 Qf4+ 60. Qxf4 gxf4 61. Kg2 Kg6 62. Kf3 Kf5 63. Kf2 Ke4 64. Ke2 f3+ 65. Kf2 Kf4 66. Kf1 Ke3 67. Ke1 f2+ 68. Kf1 f5 0-1

[Event "Titled Tuesday intern op 28th Dec"]
[Site "Chess.com INT"]
[Date "2021.12.28"]
[Round "1"]
[White "Dilmukhametov, Artur"]
[Black "Starozhilov, Leonid"]
[Result "0-1"]
[WhiteElo "2293"]
[BlackElo "2293"]
[PlyCount "50"]
[EventDate "2021.12.28"]
[EventType "swiss (blitz)"]
[EventRounds "11"]
[EventCountry "USA"]
[SourceTitle "CBM 206 Extra"]
[Source "ChessBase"]
[SourceDate "2022.03.31"]
[SourceVersion "1"]
[SourceVersionDate "2022.03.31"]
[SourceQuality "1"]

1. e4 c5 2. f4 e6 3. Nf3 d5 4. Bb5+ Bd7 5. Bxd7+ Qxd7 6. Nc3 Nc6 7. d3 dxe4 8. Nxe4 Be7 9. O-O Nf6 10. Nf2 O-O-O 11. a3 h6 12. b4 cxb4 13. axb4 Bxb4 14. Be3 a6 15. Qb1 Nd5 16. Bd2 Bc5 17. Kh1 Bxf2 18. Rxf2 g5 19. fxg5 hxg5 20. Bxg5 Rdg8 21. Bh4 Rg4 22. Qb2 Rgxh4 23. Nxh4 Rxh4 24. Qg7 f5 25. Re1 Qxg7 0-1

[Event "Titled Tuesday intern op 28th Dec"]
[Site "Chess.com INT"]
[Date "2021.12.28"]
[Round "1"]
[White "Duneas, John"]
[Black "Levitsky, Andrey"]
[Result "0-1"]
[WhiteElo "2071"]
[BlackElo "2329"]
[PlyCount "54"]
[EventDate "2021.12.28"]
[EventType "swiss (blitz)"]
[EventRounds "11"]
[EventCountry "USA"]
[SourceTitle "CBM 206 Extra"]
[Source "ChessBase"]
[SourceDate "2022.03.31"]
[SourceVersion "1"]
[SourceVersionDate "2022.03.31"]
[SourceQuality "1"]

1. d4 Nf6 2. Nf3 d5 3. c4 dxc4 4. Qa4+ c6 5. Qxc4 Bg4 6. Ne5 Bh5 7. e3 Nbd7 8. Nc3 e6 9. Be2 Bxe2 10. Qxe2 Nxe5 11. dxe5 Nd5 12. Bd2 Bb4 13. Rc1 Bxc3 14. Bxc3 O-O 15. O-O Qe7 16. Rfd1 Rfd8 17. e4 Nxc3 18. Rxc3 Rxd1+ 19. Qxd1 Qb4 20. Rb3 Qxe4 21. Rxb7 Qxe5 22. Rxa7 Rf8 23. Rb7 h6 24. g3 Qf6 25. a4 Rd8 26. Qc2 g6 27. a5 Qf3 0-1

[Event "Titled Tuesday intern op 28th Dec"]
[Site "Chess.com INT"]
[Date "2021.12.28"]
[Round "1"]
[White "Einarsson, Halldor Gretar"]
[Black "Koridze, Lile"]
[Result "0-1"]
[WhiteElo "2207"]
[BlackElo "2001"]
[PlyCount "62"]
[EventDate "2021.12.28"]
[EventType "swiss (blitz)"]
[EventRounds "11"]
[EventCountry "USA"]
[SourceTitle "CBM 206 Extra"]
[Source "ChessBase"]
[SourceDate "2022.03.31"]
[SourceVersion "1"]
[SourceVersionDate "2022.03.31"]
[SourceQuality "1"]

1. d4 Nf6 2. c4 e6 3. Nf3 d5 4. g3 Bb4+ 5. Bd2 Be7 6. Bg2 O-O 7. O-O c6 8. Qc2 b6 9. Bf4 Bb7 10. Nbd2 Nbd7 11. e4 dxe4 12. Nxe4 Nxe4 13. Qxe4 Nf6 14. Qe3 c5 15. Rfd1 cxd4 16. Nxd4 Qc8 17. Bxb7 Qxb7 18. Nb5 Rfd8 19. Be5 Ng4 20. Qc3 Nxe5 21. Qxe5 Bf6 22. Qe2 Qe7 23. Rac1 h6 24. b3 Qc5 25. Qf3 a6 26. Nc3 Qa5 27. Ne4 Be5 28. Rc2 f5 29. Nd2 Rac8 30. Qe2 Qc5 31. Nf3 Rxd1+ 0-1

[Event "Titled Tuesday intern op 28th Dec"]
[Site "Chess.com INT"]
[Date "2021.12.28"]
[Round "1"]
[White "Elgersma, Onno"]
[Black "Orzechowski, Jacek"]
[Result "1-0"]
[WhiteElo "2282"]
[BlackElo "2119"]
[PlyCount "121"]
[EventDate "2021.12.28"]
[EventType "swiss (blitz)"]
[EventRounds "11"]
[EventCountry "USA"]
[SourceTitle "CBM 206 Extra"]
[Source "ChessBase"]
[SourceDate "2022.03.31"]
[SourceVersion "1"]
[SourceVersionDate "2022.03.31"]
[SourceQuality "1"]

1. Nc3 d5 2. e4 dxe4 3. Nxe4 Nd7 4. Qe2 Ngf6 5. Nf3 Nxe4 6. Qxe4 Nf6 7. Qe2 g6 8. g3 Bg7 9. Bg2 O-O 10. O-O Be6 11. d4 Bd5 12. Rd1 c6 13. Bf4 Re8 14. c4 Be4 15. Be5 Qb6 16. a3 a5 17. h3 a4 18. g4 Rad8 19. c5 Qa5 20. Qe3 Bxf3 21. Bxf3 Nd5 22. Qe2 Rd7 23. h4 Bxe5 24. Qxe5 Qc7 25. Bxd5 cxd5 26. Qxc7 Rxc7 27. Rac1 e5 28. dxe5 Rxe5 29. Rd4 Re4 30. Rxe4 dxe4 31. Rc4 f5 32. Kg2 Kf7 33. Kg3 Kf6 34. Kf4 h6 35. Rb4 g5+ 36. hxg5+ hxg5+ 37. Ke3 Rxc5 38. Rb6+ Ke5 39. gxf5 Kxf5 40. Rxb7 Rc1 41. Rf7+ Kg4 42. Kxe4 Rc2 43. f3+ Kg3 44. Rb7 Re2+ 45. Kf5 Kxf3 46. Kxg5 Re4 47. Rb4 Re2 48. Kf5 Kf2 49. Rf4+ Ke1 50. Re4 Kd2 51. Rxe2+ Kxe2 52. Ke4 Kd2 53. Kd4 Kc2 54. Kc4 Kxb2 55. Kb4 Kc2 56. Kxa4 Kd3 57. Kb5 Kd4 58. a4 Kd5 59. a5 Kd6 60. Kb6 Kd7 61. a6 1-0

[Event "Titled Tuesday intern op 28th Dec"]
[Site "Chess.com INT"]
[Date "2021.12.28"]
[Round "1"]
[White "Grabowski, Pawel"]
[Black "Taher, Yoseph Theolifus"]
[Result "0-1"]
[WhiteElo "2281"]
[BlackElo "2455"]
[PlyCount "108"]
[EventDate "2021.12.28"]
[EventType "swiss (blitz)"]
[EventRounds "11"]
[EventCountry "USA"]
[SourceTitle "CBM 206 Extra"]
[Source "ChessBase"]
[SourceDate "2022.03.31"]
[SourceVersion "1"]
[SourceVersionDate "2022.03.31"]
[SourceQuality "1"]

1. d4 Nf6 2. Nf3 g6 3. c4 Bg7 4. Nc3 O-O 5. e4 d6 6. Be2 e5 7. dxe5 dxe5 8. Qxd8 Rxd8 9. Bg5 c6 10. Nd2 Nbd7 11. f3 Nc5 12. O-O-O Ne6 13. Be3 Nd4 14. Nb3 Ne8 15. Rd2 Be6 16. Rhd1 Nxe2+ 17. Nxe2 Rxd2 18. Nxd2 f5 19. b3 a5 20. Nc3 Nf6 21. Bb6 Nd7 22. Na4 Bf8 23. Kc2 Kf7 24. Nb1 Be7 25. Nbc3 h5 26. Bf2 Rc8 27. c5 Nf6 28. Nb6 Rg8 29. Nca4 fxe4 30. fxe4 Nxe4 31. Be3 g5 32. Nd7 Bf5 33. Nxe5+ Ke6 34. Nd3 Rd8 35. Nab2 Bxc5 36. Bxc5 Nxc5 37. Kc3 Nxd3 38. Nxd3 Rxd3+ 39. Rxd3 Bxd3 40. Kxd3 Kd5 41. a3 b5 42. b4 axb4 43. axb4 c5 44. bxc5 Kxc5 45. Kc3 b4+ 46. Kb3 Kb5 47. Ka2 Kc4 48. Kb2 b3 49. Kb1 Kc3 50. Kc1 b2+ 51. Kb1 h4 52. h3 Kb3 53. g4 hxg3 54. h4 g2 0-1

[Event "Titled Tuesday intern op 28th Dec"]
[Site "Chess.com INT"]
[Date "2021.12.28"]
[Round "1"]
[White "Gulkov, Igor A"]
[Black "Drygalov, Andrey"]
[Result "0-1"]
[WhiteElo "2358"]
[BlackElo "2508"]
[PlyCount "118"]
[EventDate "2021.12.28"]
[EventType "swiss (blitz)"]
[EventRounds "11"]
[EventCountry "USA"]
[SourceTitle "CBM 206 Extra"]
[Source "ChessBase"]
[SourceDate "2022.03.31"]
[SourceVersion "1"]
[SourceVersionDate "2022.03.31"]
[SourceQuality "1"]

1. Nf3 d5 2. d4 Nf6 3. c4 e6 4. Nc3 c6 5. Bg5 h6 6. Bxf6 Qxf6 7. e3 Nd7 8. Rc1 g6 9. Bd3 Bg7 10. O-O O-O 11. e4 dxc4 12. e5 Qe7 13. Bxc4 b5 14. Bd3 Rd8 15. Qe2 Bb7 16. Ne4 Rab8 17. Nd6 Nb6 18. Be4 Nd5 19. Bxd5 exd5 20. Rc2 Ba8 21. Rfc1 Bf8 22. Qd2 Qe6 23. h4 Kg7 24. b4 Bxd6 25. exd6 Rxd6 26. Ne5 Re8 27. g3 f6 28. Nd3 g5 29. Re1 Qf7 30. hxg5 hxg5 31. Rcc1 Bb7 32. Nc5 Bc8 33. Rxe8 Qxe8 34. Re1 Qf7 35. Qe3 Rd8 36. Qe7 Qxe7 37. Rxe7+ Kg6 38. f3 Bf5 39. Rxa7 Re8 40. Kf2 Rh8 41. g4 Bc2 42. Ne6 Rh2+ 43. Kg3 Re2 44. Nd8 f5 45. gxf5+ Bxf5 46. Nxc6 Kf6 47. Ne5 Rb2 48. Rf7+ Ke6 49. Rg7 Rxb4 50. Rxg5 Rxd4 51. f4 Rd2 52. Rg8 Rxa2 53. Rb8 Be4 54. Rxb5 Kf5 55. Rb8 Rg2+ 56. Kh3 Kxf4 57. Nd3+ Ke3 58. Nc5 Rg7 59. Re8 Rg6 0-1

[Event "Titled Tuesday intern op 28th Dec"]
[Site "Chess.com INT"]
[Date "2021.12.28"]
[Round "1"]
[White "Guz, Ari"]
[Black "Tarasova, Viktoriya"]
[Result "1/2-1/2"]
[WhiteElo "2310"]
[BlackElo "2226"]
[PlyCount "71"]
[EventDate "2021.12.28"]
[EventType "swiss (blitz)"]
[EventRounds "11"]
[EventCountry "USA"]
[SourceTitle "CBM 206 Extra"]
[Source "ChessBase"]
[SourceDate "2022.03.31"]
[SourceVersion "1"]
[SourceVersionDate "2022.03.31"]
[SourceQuality "1"]

1. e4 e5 2. Nf3 Nc6 3. Bb5 Nf6 4. O-O Nxe4 5. d4 Nd6 6. dxe5 Nxb5 7. a4 Nbd4 8. Nxd4 d5 9. exd6 Nxd4 10. Qxd4 Qxd6 11. Be3 Be6 12. Nc3 Qxd4 13. Bxd4 a6 14. Rfe1 O-O-O 15. Rad1 Rg8 16. Ne4 Be7 17. Bc5 Rxd1 18. Rxd1 Rd8 19. Rxd8+ Bxd8 20. Bd4 Bf5 21. f3 Bxe4 22. fxe4 g6 23. Kf2 Kd7 24. Kf3 Ke6 25. b3 h5 26. g4 hxg4+ 27. Kxg4 Be7 28. h3 Bd6 29. Kf3 c6 30. Bb6 Be7 31. Bc7 Bc5 32. Bf4 Bb6 33. Bg3 Bc5 34. Bf4 Bb6 35. Bg3 Bc5 36. Bf4 1/2-1/2

[Event "Titled Tuesday intern op 28th Dec"]
[Site "Chess.com INT"]
[Date "2021.12.28"]
[Round "1"]
[White "Hamley, Ryan"]
[Black "San, Thit Lwin"]
[Result "1-0"]
[WhiteElo "2077"]
[BlackElo "2242"]
[PlyCount "57"]
[EventDate "2021.12.28"]
[EventType "swiss (blitz)"]
[EventRounds "11"]
[EventCountry "USA"]
[SourceTitle "CBM 206 Extra"]
[Source "ChessBase"]
[SourceDate "2022.03.31"]
[SourceVersion "1"]
[SourceVersionDate "2022.03.31"]
[SourceQuality "1"]

1. e4 Nf6 2. e5 Nd5 3. d4 d6 4. Nf3 Bg4 5. Be2 e6 6. O-O Be7 7. c4 Nb6 8. b3 O-O 9. Nc3 Nc6 10. exd6 cxd6 11. Be3 d5 12. c5 Nc8 13. a3 Bf6 14. b4 a6 15. Rb1 N8e7 16. a4 Nf5 17. b5 axb5 18. axb5 Bxf3 19. bxc6 Bxe2 20. Nxe2 bxc6 21. Rb6 Nxe3 22. fxe3 Bg5 23. Qb3 Qd7 24. Nc1 Ra1 25. h3 Qa7 26. Rb7 Bxe3+ 27. Kh1 Qa3 28. Rbxf7 Qxc1 29. Rxf8# 1-0

[Event "Titled Tuesday intern op 28th Dec"]
[Site "Chess.com INT"]
[Date "2021.12.28"]
[Round "1"]
[White "Heinemann, Josefine"]
[Black "Maksimovic, Bojan"]
[Result "1-0"]
[WhiteElo "2369"]
[BlackElo "2451"]
[PlyCount "115"]
[EventDate "2021.12.28"]
[EventType "swiss (blitz)"]
[EventRounds "11"]
[EventCountry "USA"]
[SourceTitle "CBM 206 Extra"]
[Source "ChessBase"]
[SourceDate "2022.03.31"]
[SourceVersion "1"]
[SourceVersionDate "2022.03.31"]
[SourceQuality "1"]

1. e4 c5 2. Nf3 Nc6 3. Bb5 e6 4. O-O Nge7 5. Nc3 a6 6. Be2 d5 7. exd5 Nxd5 8. Nxd5 Qxd5 9. Re1 Be7 10. a4 O-O 11. d3 e5 12. Be3 Nd4 13. Nxd4 cxd4 14. Bd2 f6 15. Bf3 Qc5 16. c3 Be6 17. cxd4 Qxd4 18. Bc3 Qd7 19. d4 e4 20. Bxe4 Bd6 21. g3 Rfe8 22. Bg2 Bc4 23. Qf3 Rab8 24. a5 h6 25. h4 Kh8 26. h5 Be6 27. Qd3 Bf5 28. Rxe8+ Rxe8 29. Qf3 Be4 30. Qd1 Bxg2 31. Kxg2 Qc6+ 32. Qf3 Qb5 33. d5 Qc4 34. Rd1 Qc8 35. Rd3 Kg8 36. Re3 Rxe3 37. Qxe3 Kh8 38. Qe4 Qd8 39. Qe6 Bc7 40. g4 Bxa5 41. Bxa5 Qxa5 42. Qe8+ Kh7 43. Qg6+ Kh8 44. Qe8+ Kh7 45. Qe4+ Kh8 46. d6 Qd2 47. Qe8+ Kh7 48. d7 Qd5+ 49. Kg3 Qd3+ 50. f3 Qd6+ 51. Kh3 Qd1 52. d8=Q Qh1+ 53. Kg3 Qg1+ 54. Kf4 Qh2+ 55. Ke3 Qg1+ 56. Kd2 Qf2+ 57. Qe2 Qc5 58. Qe4+ 1-0

[Event "Titled Tuesday intern op 28th Dec"]
[Site "Chess.com INT"]
[Date "2021.12.28"]
[Round "1"]
[White "Holt, Conrad"]
[Black "Odegov, Artem"]
[Result "1-0"]
[WhiteElo "2553"]
[BlackElo "2286"]
[PlyCount "70"]
[EventDate "2021.12.28"]
[EventType "swiss (blitz)"]
[EventRounds "11"]
[EventCountry "USA"]
[SourceTitle "CBM 206 Extra"]
[Source "ChessBase"]
[SourceDate "2022.03.31"]
[SourceVersion "1"]
[SourceVersionDate "2022.03.31"]
[SourceQuality "1"]

1. d4 Nf6 2. c4 c5 3. d5 e5 4. Nc3 d6 5. e4 Be7 6. Be2 O-O 7. Nf3 Ne8 8. O-O g6 9. Ne1 Nd7 10. Nd3 Bg5 11. g3 Bxc1 12. Qxc1 f5 13. f4 Qe7 14. exf5 e4 15. Qe3 gxf5 16. g4 Ndf6 17. g5 Nd7 18. Nf2 Ng7 19. h4 Qf7 20. Nh1 Nb6 21. Ng3 Bd7 22. b3 Rae8 23. h5 Re7 24. h6 Ne8 25. Bh5 Kh8 26. Bxf7 Rexf7 27. Nd1 Bc8 28. Qc3+ Kg8 29. Ne3 Re7 30. Nh5 Nd7 31. Kh2 Rff7 32. Rg1 Nf8 33. Nf6+ Nxf6 34. gxf6+ Kh8 35. fxe7+ Rf6 1-0

[Event "Titled Tuesday intern op 28th Dec"]
[Site "Chess.com INT"]
[Date "2021.12.28"]
[Round "1"]
[White "Ianov, Viktor"]
[Black "Kiseleva, Arina"]
[Result "1-0"]
[WhiteElo "2279"]
[BlackElo "1962"]
[PlyCount "141"]
[EventDate "2021.12.28"]
[EventType "swiss (blitz)"]
[EventRounds "11"]
[EventCountry "USA"]
[SourceTitle "CBM 206 Extra"]
[Source "ChessBase"]
[SourceDate "2022.03.31"]
[SourceVersion "1"]
[SourceVersionDate "2022.03.31"]
[SourceQuality "1"]

1. Nf3 d5 2. g3 c6 3. Bg2 Nf6 4. O-O Bg4 5. d3 Nbd7 6. Nbd2 e5 7. e4 Bd6 8. h3 Be6 9. Ng5 O-O 10. Nxe6 fxe6 11. c4 d4 12. Nb3 a5 13. a4 Nc5 14. Nxc5 Bxc5 15. Bd2 h6 16. h4 Qe7 17. Bh3 Rae8 18. Bxa5 Bb4 19. Bxb4 Qxb4 20. Qc2 Nd7 21. a5 Nc5 22. Ra3 Rf3 23. Bg4 Rf6 24. Kg2 Ref8 25. Bd1 Kh7 26. Qe2 g6 27. h5 g5 28. Qc2 Kg7 29. Bg4 R6f7 30. f3 Rf6 31. Rfa1 R8f7 32. Kf2 Kh7 33. Ke2 Kg7 34. Qd2 Qxd2+ 35. Kxd2 Kf8 36. Ke2 Ke7 37. b4 Na6 38. Rb1 Kd7 39. b5 cxb5 40. Rxb5 Kd6 41. Rb6+ Kc5 42. Rxe6 Rxe6 43. Bxe6 Rf6 44. Bd5 b6 45. Rb3 bxa5 46. Rb5+ Kd6 47. Rxa5 Ke7 48. Rb5 Rd6 49. c5 Rf6 50. c6 Kd6 51. Kf2 Nc7 52. Ra5 Rf8 53. Kg2 Rb8 54. Kh3 Rb2 55. Kg4 Rd2 56. Ra3 Rd1 57. Kf5 Rf1 58. Kg6 Rxf3 59. Kxh6 Rxg3 60. Kg6 Rg1 61. h6 g4 62. h7 Rh1 63. Kg7 Nxd5 64. exd5 g3 65. Ra2 Rh2 66. Ra1 g2 67. h8=Q Rxh8 68. Kxh8 e4 69. dxe4 d3 70. Rg1 d2 71. Kg7 1-0

[Event "Titled Tuesday intern op 28th Dec"]
[Site "Chess.com INT"]
[Date "2021.12.28"]
[Round "1"]
[White "Ibarra Jerez, Jose Carlos"]
[Black "Estrada Nieto, Julian"]
[Result "1-0"]
[WhiteElo "2567"]
[BlackElo "2253"]
[PlyCount "71"]
[EventDate "2021.12.28"]
[EventType "swiss (blitz)"]
[EventRounds "11"]
[EventCountry "USA"]
[SourceTitle "CBM 206 Extra"]
[Source "ChessBase"]
[SourceDate "2022.03.31"]
[SourceVersion "1"]
[SourceVersionDate "2022.03.31"]
[SourceQuality "1"]

1. e4 e5 2. Nf3 Nc6 3. d4 exd4 4. Nxd4 Nf6 5. Nxc6 bxc6 6. Bd3 d5 7. exd5 cxd5 8. O-O Be7 9. c4 d4 10. Bg5 O-O 11. Nd2 Bb7 12. Re1 h6 13. Bxf6 Bxf6 14. b4 Re8 15. Be4 Bxe4 16. Nxe4 Be5 17. Qd3 Qh4 18. g3 Qh3 19. f4 Bxf4 20. Nf2 Qh5 21. gxf4 c5 22. b5 Qh4 23. Qg3 Qh5 24. Qg4 Qxg4+ 25. Nxg4 f6 26. Nf2 Kf7 27. Nd3 Rac8 28. Rxe8 Kxe8 29. Re1+ Kf7 30. f5 h5 31. Re6 Rc7 32. a4 g6 33. Rc6 Re7 34. fxg6+ Kxg6 35. Rxc5 Re3 36. Nf4+ 1-0

[Event "Titled Tuesday intern op 28th Dec"]
[Site "Chess.com INT"]
[Date "2021.12.28"]
[Round "1"]
[White "Ingebretsen, Jens E"]
[Black "Khamdamova, Afruza"]
[Result "1-0"]
[WhiteElo "2309"]
[BlackElo "1771"]
[PlyCount "65"]
[EventDate "2021.12.28"]
[EventType "swiss (blitz)"]
[EventRounds "11"]
[EventCountry "USA"]
[SourceTitle "CBM 206 Extra"]
[Source "ChessBase"]
[SourceDate "2022.03.31"]
[SourceVersion "1"]
[SourceVersionDate "2022.03.31"]
[SourceQuality "1"]

1. e3 d5 2. d4 Nf6 3. Nf3 Bg4 4. Bd3 Nbd7 5. b3 c6 6. O-O g6 7. Nbd2 Bg7 8. h3 Bxf3 9. Nxf3 O-O 10. Bb2 Qc7 11. c4 Ne4 12. Qc2 Ndf6 13. cxd5 Nd6 14. Ne5 Rac8 15. dxc6 bxc6 16. Ba6 Rb8 17. Rfc1 Rb6 18. Bd3 Rc8 19. Ba3 Nd5 20. Bc5 Rbb8 21. Ba6 Rd8 22. Bc4 Rdc8 23. Bxd6 Qxd6 24. e4 Nb4 25. Nxf7 Qxd4 26. Ng5+ Kh8 27. Nf7+ Kg8 28. Qe2 Kf8 29. Ng5 Qxa1 30. Rxa1 Bxa1 31. Qf3+ Bf6 32. e5 h6 33. Ne6+ 1-0

[Event "Titled Tuesday intern op 28th Dec"]
[Site "Chess.com INT"]
[Date "2021.12.28"]
[Round "1"]
[White "Isanzhulov, Arystan"]
[Black "Derraugh, Geordie"]
[Result "1-0"]
[WhiteElo "2338"]
[BlackElo "2209"]
[PlyCount "101"]
[EventDate "2021.12.28"]
[EventType "swiss (blitz)"]
[EventRounds "11"]
[EventCountry "USA"]
[SourceTitle "CBM 206 Extra"]
[Source "ChessBase"]
[SourceDate "2022.03.31"]
[SourceVersion "1"]
[SourceVersionDate "2022.03.31"]
[SourceQuality "1"]

1. e4 c5 2. Nc3 Nc6 3. Bb5 Nd4 4. Nf3 Nxb5 5. Nxb5 d5 6. exd5 a6 7. Nc3 Nf6 8. d4 c4 9. O-O Nxd5 10. Ne4 Bf5 11. Qe2 e6 12. Ng3 Bg6 13. Qxc4 Rc8 14. Qb3 Nb4 15. Bg5 Bxc2 16. Qe3 Be7 17. Bxe7 Qxe7 18. Ne5 O-O 19. Rfc1 Bg6 20. Rxc8 Rxc8 21. Rc1 Rd8 22. Qa3 Qg5 23. Qe3 Qxe3 24. fxe3 Nxa2 25. Rc7 b5 26. Nc6 Ra8 27. e4 h5 28. h4 a5 29. d5 exd5 30. exd5 Nb4 31. Ne7+ Kh7 32. d6 Rd8 33. d7 Na6 34. Nc6 Nxc7 35. Nxd8 Nd5 36. Nxf7 Bxf7 37. d8=Q Nf6 38. Qxa5 Bc4 39. b3 Bxb3 40. Qxb5 Bf7 41. Qb4 Bg6 42. Nf1 Ng4 43. Nh2 Nf6 44. Nf3 Kh6 45. Ng5 Bf5 46. Qf4 Kg6 47. Qc1 Ng4 48. Qc7 Nf6 49. Qf7+ Kh6 50. Qf8 Kg6 51. Qh8 1-0

[Event "Titled Tuesday intern op 28th Dec"]
[Site "Chess.com INT"]
[Date "2021.12.28"]
[Round "1"]
[White "Iskusnyh, Sergei"]
[Black "Degtiarev, Evgeny"]
[Result "0-1"]
[WhiteElo "2473"]
[BlackElo "2380"]
[PlyCount "102"]
[EventDate "2021.12.28"]
[EventType "swiss (blitz)"]
[EventRounds "11"]
[EventCountry "USA"]
[SourceTitle "CBM 206 Extra"]
[Source "ChessBase"]
[SourceDate "2022.03.31"]
[SourceVersion "1"]
[SourceVersionDate "2022.03.31"]
[SourceQuality "1"]

1. d4 Nf6 2. c4 g6 3. g3 c6 4. Bg2 d5 5. e3 Bg7 6. Ne2 O-O 7. O-O dxc4 8. Na3 c5 9. Nxc4 Nc6 10. d5 Na5 11. Nxa5 Qxa5 12. Nc3 e6 13. e4 exd5 14. exd5 b5 15. Bf4 b4 16. Ne4 Nxe4 17. Bxe4 Ba6 18. Re1 Bxb2 19. d6 Rad8 20. Bg5 Bd4 21. Be7 Qb6 22. Qf3 Rxd6 23. Bxd6 Qxd6 24. Rad1 Bc4 25. Rd2 a5 26. Red1 Be6 27. Bb1 Rd8 28. Qe4 a4 29. h4 a3 30. h5 Qf8 31. Rxd4 cxd4 32. Rxd4 Rxd4 33. Qxd4 Qc8 34. h6 Qc1+ 35. Kh2 Qxh6+ 36. Kg2 Qg7 37. Qxb4 Qf8 38. Qc3 Bd5+ 39. f3 Qe8 40. Kf2 Qd8 41. Qd4 Qa8 42. Be4 Bxe4 43. fxe4 Qb7 44. Ke3 f5 45. Qc4+ Kg7 46. exf5 gxf5 47. Qd4+ Kg6 48. Qd6+ Kf7 49. Qd4 Qe7+ 50. Kf4 Qe6 51. Qa7+ Kg6 0-1

[Event "Titled Tuesday intern op 28th Dec"]
[Site "Chess.com INT"]
[Date "2021.12.28"]
[Round "1"]
[White "Karavade, Eesha"]
[Black "Svane, Frederik"]
[Result "0-1"]
[WhiteElo "2345"]
[BlackElo "2493"]
[PlyCount "62"]
[EventDate "2021.12.28"]
[EventType "swiss (blitz)"]
[EventRounds "11"]
[EventCountry "USA"]
[SourceTitle "CBM 206 Extra"]
[Source "ChessBase"]
[SourceDate "2022.03.31"]
[SourceVersion "1"]
[SourceVersionDate "2022.03.31"]
[SourceQuality "1"]

1. Nf3 c5 2. c4 Nc6 3. d4 cxd4 4. Nxd4 g6 5. g3 Bg7 6. Nc2 d6 7. Bg2 h5 8. h4 Nf6 9. Nc3 O-O 10. O-O Be6 11. Nd5 Rc8 12. Nce3 Ne5 13. Qa4 a6 14. Nxf6+ Bxf6 15. Bxb7 Rc7 16. Bd5 Bxd5 17. Nxd5 Rxc4 18. Nxf6+ exf6 19. Qxa6 Qd7 20. b3 Qh3 21. Qb7 Rc6 22. f3 Qxg3+ 23. Kh1 Qh3+ 24. Kg1 Qg3+ 25. Kh1 Rfc8 26. Qb4 Qh3+ 27. Kg1 Qg3+ 28. Kh1 Rc2 29. Qe4 d5 30. Qf4 Qh3+ 31. Kg1 Rxe2 0-1

[Event "Titled Tuesday intern op 28th Dec"]
[Site "Chess.com INT"]
[Date "2021.12.28"]
[Round "1"]
[White "Khanin, Semen"]
[Black "Idrisov, Ildar F"]
[Result "1-0"]
[WhiteElo "2512"]
[BlackElo "2282"]
[PlyCount "59"]
[EventDate "2021.12.28"]
[EventType "swiss (blitz)"]
[EventRounds "11"]
[EventCountry "USA"]
[SourceTitle "CBM 206 Extra"]
[Source "ChessBase"]
[SourceDate "2022.03.31"]
[SourceVersion "1"]
[SourceVersionDate "2022.03.31"]
[SourceQuality "1"]

1. c4 c6 2. Nc3 d5 3. d4 Nf6 4. Nf3 g6 5. g3 Bg7 6. Bg2 O-O 7. O-O a6 8. Ne5 dxc4 9. Nxc4 Nd5 10. e4 Nxc3 11. bxc3 c5 12. e5 cxd4 13. cxd4 Nc6 14. Be3 Na5 15. Nxa5 Qxa5 16. Qb3 Rb8 17. Rac1 Be6 18. d5 Bf5 19. f4 Rfd8 20. Bb6 Qd2 21. Rfd1 Qe2 22. Bf3 Qb5 23. Qxb5 axb5 24. Bxd8 Rxd8 25. Rc7 Ra8 26. Rxe7 Bf8 27. Rxb7 Bc5+ 28. Kh1 Rxa2 29. Rxb5 Be3 30. d6 1-0

[Event "Titled Tuesday intern op 28th Dec"]
[Site "Chess.com INT"]
[Date "2021.12.28"]
[Round "1"]
[White "Kollars, Dmitrij"]
[Black "Nilsen, Tobias Lang"]
[Result "1-0"]
[WhiteElo "2622"]
[BlackElo "2279"]
[PlyCount "65"]
[EventDate "2021.12.28"]
[EventType "swiss (blitz)"]
[EventRounds "11"]
[EventCountry "USA"]
[SourceTitle "CBM 206 Extra"]
[Source "ChessBase"]
[SourceDate "2022.03.31"]
[SourceVersion "1"]
[SourceVersionDate "2022.03.31"]
[SourceQuality "1"]

1. Nf3 d5 2. e3 Nf6 3. c4 e6 4. Nc3 c5 5. cxd5 exd5 6. Bb5+ Nc6 7. d4 Be7 8. dxc5 O-O 9. O-O Bxc5 10. b3 Bg4 11. Bb2 d4 12. Na4 Bb6 13. Nxb6 Qxb6 14. Bxc6 bxc6 15. Qxd4 Bxf3 16. gxf3 c5 17. Qh4 Qc6 18. Kg2 Rad8 19. Rad1 Nd5 20. e4 Nf6 21. Rxd8 Rxd8 22. e5 Rd2 23. Bc1 Rd3 24. Be3 Ne8 25. Qe4 Qd7 26. Rc1 f5 27. Qc4+ Kh8 28. Qxc5 Qf7 29. Kh1 f4 30. Bd4 h6 31. Rg1 Rxf3 32. e6 Qf5 33. Qxf5 1-0

[Event "Titled Tuesday intern op 28th Dec"]
[Site "Chess.com INT"]
[Date "2021.12.28"]
[Round "1"]
[White "Kowalczyk, Pawel"]
[Black "Staudner, Oliver"]
[Result "1-0"]
[WhiteElo "2338"]
[BlackElo "2398"]
[PlyCount "73"]
[EventDate "2021.12.28"]
[EventType "swiss (blitz)"]
[EventRounds "11"]
[EventCountry "USA"]
[SourceTitle "CBM 206 Extra"]
[Source "ChessBase"]
[SourceDate "2022.03.31"]
[SourceVersion "1"]
[SourceVersionDate "2022.03.31"]
[SourceQuality "1"]

1. e4 e6 2. d4 d5 3. Nd2 a6 4. Ngf3 c5 5. c4 cxd4 6. Nxd4 dxe4 7. Nxe4 Bb4+ 8. Nc3 Nc6 9. Nxc6 Qxd1+ 10. Kxd1 bxc6 11. Kc2 Nf6 12. Be2 Bb7 13. Bf3 Ke7 14. Na4 Nd7 15. a3 Bd6 16. Rd1 Rhd8 17. g3 Ne5 18. Be2 c5 19. Be3 Be4+ 20. Kc3 Rac8 21. f4 Nd7 22. Rd2 Bc6 23. b3 Bxa4 24. bxa4 Nf6 25. Bf3 Rb8 26. Rad1 Ne8 27. Bc6 Bc7 28. Rd7+ Kf6 29. Bxc5 Ba5+ 30. Bb4 Bxb4+ 31. axb4 Rxd7 32. Rxd7 a5 33. b5 g6 34. c5 Ng7 35. b6 Nf5 36. Be4 Ne7 37. b7 1-0